| 000 | 00000nas 2200000za 4500 |
| 001 | 9.500160 |
| 003 | CaOODSP |
| 005 | 20250609144502 |
| 007 | cr ||||||||||| |
| 008 | 150406c2002||||xxc|| m o||||f| |0fre|d |
| 040 | |aCaOODSP|bfre |
| 043 | |an-cn--- |
| 086 | 1 |aEn49-2F-PDF|zEn49-2-PDF |
| 110 | 1 |aCanada. |bEnvironnement Canada. |bService de la protection de l'environnement. |
| 245 | 10|aRapport |h[ressource électronique] |
| 246 | 3 |aRapport (Canada. Environnement Canada) |
| 260 | |aOttawa - Ontario : |bEnvironnement Canada. |
| 310 | |aIrrégulier |
| 362 | 1 |aRapport SPE/7/AP |
| 775 | 08|tReport |w(CaOODSP)9.500159 |
| 776 | 0#|tReport |w(CaOODSP)9.509278 |